Κατάλογος Βιβλιοθηκών Mediterranean College

Σηματοδότησεις ΙΙ / Εισαγωγή στην Ιστορία της Τέχνης από την Προιστορία ως τα τέλη του 19ου Αιώνα (Record no. 4275)

MARC details
000 -LEADER
fixed length control field 01550cam a22001934a 4500
005 - ΗΜΕΡΟΜΗΝΙΑ ΚΑΙ ΩΡΑ ΤΕΛΕΥΤΑΙΑΣ ΕΝΗΜΕΡΩΣΗΣ
Πεδίο ελέγχου 20250605164141.0
008 - FIXED-LENGTH DATA ELEMENTS--GENERAL INFORMATION
Πεδίο ελέγχου σταθερού μήκους 250528s ||||||||||||||||||||||||d
035 ## - SYSTEM CONTROL NUMBER
System control number 18983
020 ## - ISBN
ISBN 9604054694
040 ## - ΠΗΓΗ ΚΑΤΑΛΟΓΟΓΡΑΦΗΣΗΣ
Φορέας πρωτότυπης καταλογογράφησης MC Athens Campus Library
Γλώσσα καταλογογράφησης Ελληνικά, Μοντέρνα (1453-)
Modifying agency MC Athens Campus Library
Κανόνες περιγραφικής καταλογογράφησης AACR2
245 1# - ΤΙΤΛΟΣ ΚΑΙ ΔΗΛΩΣΗ ΥΠΕΥΘΥΝΟΤΗΤΑΣ
Τίτλος Σηματοδότησεις ΙΙ / Εισαγωγή στην Ιστορία της Τέχνης από την Προιστορία ως τα τέλη του 19ου Αιώνα
260 ## - PUBLICATION, DISTRIBUTION, ETC.
Name of publisher, distributor, etc. Ίων,
Date of publication, distribution, etc. 1989
300 ## - PHYSICAL DESCRIPTION
Extent 272
520 ## - SUMMARY, ETC.
Summary, etc. Σε γενικές Γραμμές οι σημαντικότερες περίοδοι, κυρίως στον δυτικό κόσμο. Προιστορία, Η Εποχή του Λίθου, Η Εποχή του Χαλκού, Αρχαία Ιστορική Περίοδος, Νέα Φύλα στην Ευρώπη, Η Ανατολική Μεσόγειος, Από την Αρχαιότητα ως την Αναγέννηση, Μεγάλες Δυνάμεις, Πέρα από την Ευρώπη, Ο Δυτικός Μεσαίωνας, Από την Αναγέννηση ως το Κατώφλι της Νέας Τέχνης, Το Ουμανιστικό Ιδεώδες, Ο Καθρέφτης της Ατομικής και Κοινωνικής Πραγματικότητας, Ο Ελληνισμός μετά την Άλλωση της Κωνσταντινούπολης, Νεοσύστατο Ελληνικό Κράτος, Επίλογος.
700 1# - ΠΡΟΣΘΕΤΗ ΑΝΑΓΡΑΦΗ--ΦΥΣΙΚΟ ΠΡΟΣΩΠΟ
Personal name Βορνινγκ Αγγελικη
9 (RLIN) 2636
942 ## - ADDED ENTRY ELEMENTS (KOHA)
Koha item type Books
Holdings
Τύπος τεκμηρίου Βιβλιοθήκη Τρέχουσα τοποθεσία Barcode Αριθμός εισαγωγής Ημερομηνία απόκτησης Ταξιθετικό σύμβολο Αριθμός αντιτύπου Κατάσταση απόσυρσης Κατάσταση χαμένου Κατάσταση κατεστραμμένου Μη δανεισμός Σύνολο δανεισμών Ημερομηνία τελευταίας εμφάνισης Η τιμή ισχύει από
Books MC Athens Campus Library MC Athens Campus Library 9780000042743 3915 05/06/2025 709 BOR V.II 1           05/06/2025 05/06/2025

MC Athens Campus Library
Πατησίων 94 & Κοδριγκτώνος 13, 104 34
Πελλήνης 8 & Πατησίων 107, 112 51
Τ: +30 210 8899600

MC Thessaloniki Campus Library
Ίωνος Δραγούμη 21, 54625 | Ίωνος Δραγούμη 15, 54625
Τ: +30 2310 287779 – Τ: +30 2314 440300